000 01473nam a22001817a 4500
003 IT-RoPau
005 20220918181105.0
008 130508b xxu||||| |||| 00| 0 eng d
040 _cIT-RoPau
100 _aCentro di Spiritualità Paolina
_9518
245 _aSupplemento a "Camminiamo anche in novità di vita"
250 _a1° ed
260 _aAriccia (Roma)
_bCentro di Spiritualità Paolina - Casa Divino Maestro
_c1979
300 _a24 pp.
_c33 cm
490 _a"Camminiamo anche noi in novità di vita"
_vn° 4 - Marzo 1979
520 _aSommario Parte prima - San Paolo: Esperienza del Cristo morto e risuscitato Parte seconda - Preparazione pasquale I. (Sabato, vigilia della Settimana santa) "Mi é stata usata misericordia" (I Tim 1,13) II. (Domenica delle Palme) "Ciò che é stoltezza di Dio é più sapiente degli uomini (1 Cor 1,25) III. (Lunedì santo) "Messo a morte per i nostri peccati" (Rom 4,25) IV. (Martedì santo) "Per l'obbedienza di uno solo, tutti saranno costituiti giusti" (Rom 5,19) V. (Mercoledì santo) "Se uno é in Cristo é una creatura nuova" (2 Cor 5,17) VI. (Giovedì santo) "Questo calice é la nuova alleanza nel mio sangue" (1 Cor 11,26) VII. (Venerdì santo) "Abbiamo la redenzione mediante il suo sangue" (Efes 1,7) VIII. (Sabato santo) "Sepolti insieme nel battesimo, in lui anche insieme risuscitati" (Col 2,12) IX. (Pasqua di risurrezione) "Primogenito di coloro che risuscitano dai morti" (Colos 1,18)
942 _2ddc
_cCR
999 _c98499
_d98499